| 000 -LEADER |
| fixed length control field |
00375cam a22001337a 4500 |
| 008 - FIXED-LENGTH DATA ELEMENTS--GENERAL INFORMATION |
| fixed length control field |
180718b1983 xxu||||| |||| 00| 0 eng d |
| 082 ## - DEWEY DECIMAL CLASSIFICATION NUMBER |
| Classification number |
I241x54 P17 |
| 100 ## - MAIN ENTRY--PERSONAL NAME |
| Personal name |
Pal, R.N. |
| 245 ## - TITLE STATEMENT |
| Title |
Office of the Prime Minister in India |
| Statement of responsibility, etc. |
by R.N. Pal |
| 260 ## - PUBLICATION, DISTRIBUTION, ETC. |
| Place of publication, distribution, etc. |
New Delhi |
| Name of publisher, distributor, etc. |
Ghanshyam |
| Date of publication, distribution, etc. |
1983 |
| 300 ## - PHYSICAL DESCRIPTION |
| Extent |
279p. |
| 650 ## - SUBJECT ADDED ENTRY--TOPICAL TERM |
| Topical term or geographic name entry element |
Prime ministers --India |
| 650 ## - SUBJECT ADDED ENTRY--TOPICAL TERM |
| Topical term or geographic name entry element |
Executive power --India |